| 000 | 00692nam a22002057a 4500 | ||
|---|---|---|---|
| 003 | BUBTL | ||
| 008 | 190331b xxu||||| |||| 00| 0 eng d | ||
| 020 | _a978-81-7476-770-7 | ||
| 082 | _a624.501 / DUE | ||
| 100 |
_92252 _aDutta, B.N. |
||
| 245 |
_aEstimating and costing in civil engineering : _b theory and practice including specifications and valuation / _c B.N.Dutta |
||
| 250 | _a28th ed. | ||
| 260 |
_aNew Delhi : _bUBS Publishers' Distributors Pvt.Ltd., _cc2016 |
||
| 300 |
_axiii, 904 p. : _bill. ; _c24 cm. |
||
| 650 | 0 |
_92253 _aCivil Engineering |
|
| 700 |
_92254 _aDutta, S. |
||
| 856 |
_k0 _l0 _yDownload |
||
| 942 |
_2ddc _cBK |
||
| 999 |
_c5941 _d5941 |
||